000 00269nam a2200109Ia 4500
008 190216s9999||||xx |||||||||||||| ||und||
100 _aGupta Rl & Radhaswami
245 0 _aAdvanced Corporate Accounting
260 _bS Chand & Co
_c1980
300 _a850p
942 _cBK
999 _c4804
_d4804